MARC

LEADER 00000nam0a2200000 4500
001 93223
005 20231031105109.0
020 |a RU 
035 |a (RuTPU)RU\TPU\book\99832 
090 |a 93223 
100 |a 20060327d1977 km y0rusy5003 ca 
101 0 |a rus 
102 |a RU 
105 |a a z 101zy 
200 1 |a Геология и полезные ископаемые Центрального Казахстана  |e доклады сессии, 25-27 декабря 1974  |g Отв. ред. Ю. А. Зайцев  |f Академия наук СССР (АН СССР); Московское общество испытателей природы; под ред. Ю. А. Зайцева 
210 |a Москва  |c Наука  |d 1977 
215 |a 356 с.  |c ил. 
320 |a Библиографический список научных трудов: с. 327-348. 
320 |a Библиография в конце докладов. 
610 1 |a геология 
610 1 |a полезные ископаемые 
610 1 |a Центральный Казахстан 
610 1 |a металлогения 
610 1 |a стратиграфия 
610 1 |a картирование геологическое 
675 |a 55(574.3)  |z rus 
675 |a 553(574.3)  |z rus 
702 1 |a Зайцев  |b Ю. А.  |g Юлий Александрович  |4 340 
712 0 2 |a Академия наук СССР (АН СССР)  |2 stltpush  |3 (RuTPU)RU\TPU\col\722 
712 0 2 |a Московское общество испытателей природы  |2 stltpush  |3 (RuTPU)RU\TPU\col\7762 
801 0 |a RU  |b RuMRKP  |c 19950417  |g psbo 
801 1 |a RU  |b 63413507  |c 20060327  |g PSBO 
801 2 |a RU  |b 63413507  |c 20140320  |g PSBO 
942 |c BK